| 000 -LEADER | |
|---|---|
| fixed length control field | 00507nam a22001577a 4500 |
| 005 - DATE AND TIME OF LATEST TRANSACTION | |
| control field | 20240110140939.0 |
| 008 - FIXED-LENGTH DATA ELEMENTS--GENERAL INFORMATION | |
| fixed length control field | 200225b xxu||||| |||| 00| 0 eng d |
| 020 ## - INTERNATIONAL STANDARD BOOK NUMBER | |
| ISBN | 978-93-85915-80-2 |
| 041 ## - LANGUAGE CODE | |
| Language code of text/sound track or separate title | eng |
| 100 ## - MAIN ENTRY--AUTHOR NAME | |
| Personal name | RAJASEKARAN, V N |
| 245 ## - TITLE STATEMENT | |
| Title | DIPLOMA IN PHARMACY PHARMACEUTICAL CHEMISTRY-1 THEORY AND PRACTICAL |
| 260 ## - PUBLICATION, DISTRIBUTION, ETC. (IMPRINT) | |
| Place of publication | NEW DELHI |
| Name of publisher | CBS |
| 300 ## - PHYSICAL DESCRIPTION | |
| Number of Pages | 266p, |
| 650 ## - SUBJECT ADDED ENTRY--TOPICAL TERM | |
| Topical Term | PHARMACY |
| General subdivision | D.PHARMA |
| 942 ## - ADDED ENTRY ELEMENTS (KOHA) | |
| Koha item type | Books |
| Lost status | Damaged status | Collection code | Home library | Current library | Shelving location | Date acquired | Source of acquisition | Cost, normal purchase price | Full call number | Accession Number | Koha item type |
|---|---|---|---|---|---|---|---|---|---|---|---|
| PHARMACY | JRU Library | JRU Library | SHELF-18-B | 25/02/2020 | PURCHESS | 275.00 | 615.19 | 23688 | Books | ||
| PHARMACY | JRU Library | JRU Library | SHELF-18-D | 25/02/2020 | PURCHESS | 275.00 | 615.19 | 23689 | Books | ||
| PHARMACY | JRU Library | JRU Library | SHELF-16-E | 25/02/2020 | PURCHESS | 275.00 | 615.19 | 23690 | Books | ||
| PHARMACY | JRU Library | JRU Library | SHELF-18-D | 25/02/2020 | PURCHESS | 275.00 | 615.19 | 23691 | Books | ||
| Reference | JRU Library | JRU Library | SHELF-5-B | 25/02/2020 | PURCHESS | 275.00 | 615.19 | 23692 | Books | ||
| PHARMACY | JRU Library | JRU Library | SHELF-18-D | 09/02/2022 | PURCHASE | 325.00 | 615.19 | 26003 | Books | ||
| PHARMACY | JRU Library | JRU Library | SHELF-18-D | 09/02/2022 | PURCHASE | 325.00 | 615.19 | 26004 | Books | ||
| PHARMACY | JRU Library | JRU Library | SHELF-18-D | 09/02/2022 | PURCHASE | 325.00 | 615.19 | 26005 | Books | ||
| PHARMACY | JRU Library | JRU Library | SHELF-18-D | 09/02/2022 | PURCHASE | 325.00 | 615.19 | 26006 | Books |